[Event "FRA-ch 2018 Seniors Veterans"]
[Site "Nimes"]
[Date "2018.08.25"]
[Round "8"]
[White "Decroix, Paloan"]
[Black "Saucey, Michel"]
[Result "0-1"]
[WhiteElo "1916"]
[BlackElo "2283"]
[Annotator "TA"]
[PlyCount "94"]
[EventDate "2018.08.18"]
[EventType "tourn"]
[EventCountry "FRA"]
[SourceTitle "playchess.com"]
[Source "ChessBase"]
[SourceQuality "1"]

{[%evp 10,94,3,0,0,0,0,0,-16,-16,0,-62,-56,-58,-54,-80,-47,-58,-71,-60,-38,-46,-51,-81,-52,-59,-55,-64,-63,-101,-97,-99,-65,-194,-171,-179,-179,-299,-92,-75,-21,-30,-41,-83,-78,-85,-85,-85,-85,-85,-85,-85,-81,-117,-112,-90,-81,-81,-80,-68,-73,-75,-42,-150,-120,-129,-166,-377,-351,-337,-97,-97,29,-99,-100,-93,-93,-93,-96,-99,-87,-454,-71,-432,-432,-1347,-423]} 1. d4 d5 2. Nf3 e6 3. Bf4 c5 4. c3 Nc6 5. e3 Nf6 6. Bd3 {LiveBook: 66 Partien} Nh5 {D02: Damenbauernspiele} (6... Bd6 7. Bg3 O-O 8. Nbd2 b6 9. Ne5 Bb7 10. f4 Ne7 11. Qb1 g6 12. Bh4 Nf5 13. Bf2 Bxe5 14. fxe5 Ng4 15. Bxf5 exf5 16. Nf3 f6 17. h3 Nxf2 18. Kxf2 fxe5 19. Nxe5 {0-1 (48) Nagle,S (2432)-Ludwig,J (2388) chess.com INT 2018}) 7. Bg5 Qb6 8. b3 h6 {Die Stellung ist ausgeglichen.} 9. Bh4 g5 10. Bg3 $146 (10. Ne5 $1 $11 Nxe5 11. dxe5) ({Vorgänger:} 10. Ne5 Nxe5 11. dxe5 Ng7 12. Bg3 Nf5 13. Bxf5 exf5 14. Qxd5 Be6 15. Qd3 c4 16. Qe2 cxb3 17. axb3 Qxb3 18. Nd2 Qd5 {½-½ (18) Henkemeier,M (2079)-Lehmann,H (2153) Germany 2016}) 10... Nxg3 $15 11. hxg3 Bg7 12. Nbd2 Bd7 13. Rc1 Rc8 14. O-O O-O 15. dxc5 Qxc5 16. c4 Qa5 17. Bb1 Rfd8 18. cxd5 exd5 19. Nh2 Nb4 20. Rxc8 Rxc8 21. a3 ({Günstiger ist} 21. e4 $15) 21... Qxa3 $19 22. Nc4 Qa6 {...Lb5 ist eine echte Drohung.} ({Minderwertig wäre} 22... dxc4 23. Qxd7 Rb8 24. Qd6 $14 (24. bxc4 Qa6 $11)) 23. f4 (23. Qd2 {kämpft weiter.}) 23... dxc4 $2 (23... Bb5 $19 {bietet bessere Gewinnchancen.} 24. Qg4 Rc7) 24. Qxd7 $17 Qe6 (24... Qc6 $17 25. Qf5 Qe6 26. fxg5 Qxf5 27. Bxf5 Rc5 28. gxh6 Bxh6) 25. Qxb7 $11 Nd5 26. bxc4 Nxe3 27. Re1 Bd4 $36 {[%mdl 2048] ( -> ...Sf5+). Schwarz hat starke Initiative.} 28. Kh1 Qc6 29. Qxc6 Rxc6 30. Nf3 Bb6 31. fxg5 hxg5 32. Nxg5 Rh6+ 33. Nh3 Nxc4 34. g4 Ne3 35. g5 Rd6 36. Ba2 ({Besser ist} 36. Nf4 $15) 36... Rd2 $17 37. Bb1 Nxg2 38. Re8+ $2 (38. Rc1) 38... Kg7 $19 39. Be4 Nh4 $2 (39... Ne3 $1 $19 {[%cal Re3g4] und Schwarz behält klar die Oberhand.} 40. Ng1 a5) 40. Nf4 $17 {[%cal Rf4h5]} Rd1+ 41. Kh2 {[%cal Rf4h5]} Bc7 42. Kh3 {[%cal Rf4h5]} Bxf4 43. Kxh4 Rg1 44. g6 Bg5+ 45. Kh5 $2 {[%mdl 8192] [#]} (45. Kh3 $17 {war die entscheidende Verteidigung.}) 45... fxg6+ $1 $19 46. Bxg6 {[#]} Bf6 $1 47. Be4 (47. Bf5 $142 Rg5+ 48. Kh4 Rxf5+ 49. Kg4) 47... Rg5+ {Precision: Weiß = 46%, Schwarz = 74%.} 0-1

[Event "FRA-ch 2018 Seniors Veterans"]
[Site "Nimes"]
[Date "2018.08.25"]
[Round "8"]
[White "Dijon, Frederic"]
[Black "Prie, Eric"]
[Result "0-1"]
[WhiteElo "1901"]
[BlackElo "2480"]
[Annotator "TA"]
[PlyCount "38"]
[EventDate "2018.08.18"]
[EventType "tourn"]
[EventCountry "FRA"]
[SourceTitle "playchess.com"]
[Source "ChessBase"]
[SourceQuality "1"]

{[%evp 9,38,-7,-4,-1,19,-7,-4,-14,0,0,8,0,1,0,3,8,0,14,66,40,52,-87,-79,-123,-132,-236,-228,-878,-860,-837,-631]} 1. f4 d5 2. Nf3 Bg4 3. e3 e6 4. b3 (4. d3 g6 5. Nbd2 Bg7 6. h3 Bxf3 7. Nxf3 c5 8. g4 h5 9. g5 Nc6 10. c3 e5 11. e4 Nge7 {0-1 (60) Savchenko,B (2550)-Volkov,S (2612) Moscow 2018}) 4... Be7 5. Bb2 Bf6 6. d4 {A03: Bird's Opening with 1...d5} Nh6 $146 ({Predecessor:} 6... Ne7 7. Bd3 Nf5 8. Qd2 Bxf3 9. gxf3 Nc6 10. O-O Qd7 11. Bxf5 exf5 {½-½ (41) Andreassen,E (2325)-Pesonen,S (2299) ICCF email 2006}) 7. Be2 Nf5 8. Qd2 {[#]The position is equal.} c5 $1 {[%mdl 512]} 9. Bb5+ (9. dxc5 Bxb2) 9... Nc6 {Strongly threatening ...Bxf3.} 10. Ne5 Bxe5 $1 11. Bxc6+ bxc6 12. dxe5 g5 13. Qf2 {h3 is the strong threat.} Bh5 (13... gxf4 $11 14. exf4 Bh5) 14. Nd2 $14 gxf4 15. Qxf4 {[#]} (15. exf4 $14 {was the only good move.} Rg8 16. O-O) 15... Rg8 $1 $17 {[%cal Rg8g2]} 16. Qf2 Qg5 $36 {[%mdl 2048] Keeping White busy.} 17. e4 (17. O-O $17 {was called for.}) 17... Ne3 $19 ({Don't do} 17... Qxg2 18. Qxg2 Rxg2 19. exf5) 18. Nf3 $2 (18. g4 Nxc2+ 19. Kd1) 18... Nxg2+ 19. Kf1 Qf4 {Precision: White = 42%, Black = 53%.} 0-1

[Event "FRA-ch 2018 Seniors Veterans"]
[Site "Nimes"]
[Date "2018.08.25"]
[Round "8"]
[White "Boulos, Jean"]
[Black "Vial, Patrick"]
[Result "1-0"]
[WhiteElo "1784"]
[BlackElo "2139"]
[Annotator "TA"]
[PlyCount "95"]
[EventDate "2018.08.18"]
[EventType "tourn"]
[EventCountry "FRA"]
[SourceTitle "playchess.com"]
[Source "ChessBase"]
[SourceQuality "1"]

{[%evp 18,95,27,35,58,-33,33,24,14,0,40,33,39,0,0,0,0,2,0,4,11,0,4,5,12,10,20,0,0,0,0,-1,53,59,63,43,122,104,111,102,96,88,143,134,143,143,143,151,143,118,151,133,380,193,280,251,277,268,276,262,294,281,385,370,653,660,659,658,523,434,606,590,819,791,2308,1275,29981,29981,29978,29979]} 1. e4 d5 2. exd5 Nf6 3. d4 Bg4 4. Be2 Bxe2 5. Qxe2 Qxd5 6. Nf3 e6 7. O-O Nc6 8. Rd1 O-O-O 9. c4 {B01: Scandinavian Defence} Qh5 10. Nc3 {LiveBook: 6 Games} Rg8 11. Bf4 (11. d5 $14 exd5 12. cxd5) (11. d5 exd5 12. cxd5 Nb4 13. Bf4 Nbxd5 14. Nxd5 Nxd5 15. Bg5 Bd6 16. Bxd8 Bxh2+ {1-0 (34) Schoppen,C (2395)-Van den Berg,B (2221) Vlissingen 2018}) 11... Bd6 $146 (11... g5 $1 $15 12. Bg3 g4) ({Predecessor:} 11... g5 12. Be5 g4 13. Nd2 Nd7 14. f4 Ndxe5 15. dxe5 Bc5+ 16. Kh1 Nd4 {1-0 (55) Millaret Lores,F (1989)-Herms Agullo,J (2077) Mataro 2004}) 12. Bxd6 $14 Rxd6 13. Rd2 Rgd8 {[%cal Rc6d4]} 14. Rad1 g5 {[%cal Bg7g5,Bg5g4,Bg4f3][%mdl 32] White should prevent ...g4.} 15. d5 (15. Qe3 {keeps more tension.} g4 16. Ne1 R6d7 17. Nc2 Kb8 18. b4) 15... g4 16. dxc6 gxf3 17. Rxd6 Rxd6 18. cxb7+ Kxb7 19. Qxf3+ Qxf3 20. gxf3 Rxd1+ 21. Nxd1 $11 {[%mdl 4096] Endgame KN-KN} Kb6 22. Kf1 Kc5 23. b3 Kd4 24. Ke2 Nh5 (24... Nd7 $11) 25. Kd2 $14 Nf4 26. Ne3 h5 {[#]} (26... a5 $14) 27. Nc2+ $1 $16 Kc5 28. Ke3 Ng2+ 29. Ke4 Kd6 ({Black should try} 29... a5) 30. f4 f5+ 31. Kf3 Nh4+ 32. Kg3 Ng6 33. Nd4 c6 34. b4 a6 $2 (34... h4+ $16 35. Kf3 c5 36. bxc5+ Kxc5 37. Nxe6+ Kb4) 35. Nb3 (35. Nf3 $142) 35... e5 (35... h4+ {was called for.} 36. Kf3 e5 37. fxe5+ Nxe5+ 38. Kf4 Nd3+ 39. Kxf5 Nxb4) 36. fxe5+ $18 Kxe5 37. f3 {[%cal Bf2f3,Bf3f4][%mdl 32]} h4+ 38. Kf2 Nf4 {intending ...Nd3+.} 39. a3 Nd3+ 40. Ke3 Nb2 $2 (40... Ne1 41. f4+ Kd6) 41. f4+ Kd6 42. Kd4 Nd1 43. Nc5 Nf2 44. Nd3 Nd1 45. a4 {[%cal Ba3a4,Ba4a5][%mdl 32]} h3 46. a5 Ke7 {[#]} 47. b5 $1 {[%mdl 512]} cxb5 (47... axb5 48. a6) 48. cxb5 {Precision: White = 65%, Black = 33%.} 1-0

[Event "FRA-ch 2018 Seniors Veterans"]
[Site "Nimes"]
[Date "2018.08.26"]
[Round "9"]
[White "Prie, Eric"]
[Black "Boulos, Jean"]
[Result "1-0"]
[WhiteElo "2480"]
[BlackElo "1784"]
[Annotator "TA"]
[PlyCount "73"]
[EventDate "2018.08.18"]
[EventType "tourn"]
[EventCountry "FRA"]
[SourceTitle "playchess.com"]
[Source "ChessBase"]
[SourceQuality "1"]

{[%evp 14,73,104,62,58,50,85,78,83,85,139,112,122,110,148,123,144,142,141,144,168,141,154,118,171,159,170,169,172,172,171,170,163,167,168,157,182,163,181,189,186,183,183,182,166,177,182,165,171,144,197,157,168,162,187,183,199,199,199,202,652,35]} 1. d4 Nf6 2. Nf3 d6 3. Nc3 g6 4. e4 Bg7 5. Be3 O-O 6. Qd2 Ng4 7. Bg5 f6 {B08: Pirc Defence: Classical System} (7... h6 8. Bh4 c6 9. h3 Nf6 10. O-O-O b5 11. e5 b4 12. exf6 bxc3 13. Qxc3 exf6 14. Bg3 Re8 15. Bd3 {1-0 (34) Azarov,S (2635)-Solomon,K (2399) Cappelle-la-Grande 2015 EXT 2016 [RR]}) 8. Bh4 {LiveBook: 4 Games} c6 9. Bc4+ Kh8 {White is slightly better.} 10. O-O Qc7 11. a4 b6 $146 (11... e5 $142) ({Predecessor:} 11... f5 12. exf5 Bxf5 13. Rfe1 e5 14. h3 Nh6 15. dxe5 dxe5 16. Nxe5 Bxc2 17. Bg5 Ng8 18. Bd8 Rxd8 19. Qxd8 {1-0 (19) Burnoiu,N (2218)-Porzfolt,I Tusnad 2001}) 12. Rfe1 e5 13. d5 c5 14. a5 {Hoping for Nb5.} a6 15. axb6 Qxb6 16. Ra3 Rf7 17. Rb3 Qa5 18. Nb1 {[%cal Bc3b1,Bb1d2,Bd2c4][%mdl 32]} Qxd2 (18... Qd8 $16 {was necessary.} 19. h3 Nh6) 19. Nbxd2 Rb7 20. Rxb7 Bxb7 21. Be2 {Strongly threatening Nc4.} Nd7 22. Nc4 Bf8 23. Nfd2 Nh6 24. Ra1 Kg7 25. Ra3 Bc8 26. f3 Nf7 27. Na5 Be7 28. Nc6 Bd8 29. Nxd8 Nxd8 30. Nc4 Nf7 31. Be1 Kf8 (31... f5 $16 32. exf5 gxf5) 32. Rb3 Ke7 33. Na5 Nd8 34. Bc4 Rb8 35. Nc6+ Nxc6 36. dxc6 Nb6 $2 {[#]} (36... Rxb3 37. cxd7 (37. Bxb3 Nf8 $16) (37. cxb3 Nb6 $11) 37... Rb8) 37. c7 $2 {Precision: White = 59%, Black = 45%.} (37. Ba5 $18) 1-0

[Event "FRA-ch 2018 Seniors Veterans"]
[Site "Nimes"]
[Date "2018.08.26"]
[Round "9"]
[White "Saucey, Michel"]
[Black "Vareille, Francois"]
[Result "1/2-1/2"]
[WhiteElo "2283"]
[BlackElo "2421"]
[Annotator "TA"]
[PlyCount "50"]
[EventDate "2018.08.18"]
[EventType "tourn"]
[EventCountry "FRA"]
[SourceTitle "playchess.com"]
[Source "ChessBase"]
[SourceQuality "1"]

{[%evp 15,50,16,11,0,-6,-5,-12,-22,0,-35,-46,-46,0,0,32,32,32,29,49,15,18,22,11,3,24,29,38,9,16,0,0,0,0,0,0,-59,0]} 1. d4 Nf6 2. c4 g6 3. Nc3 d5 4. Bf4 Bg7 5. e3 O-O 6. Rc1 Be6 {D83: Grünfeldindisch (4.Lf4)} 7. c5 (7. cxd5 Nxd5 8. Nxd5 Bxd5 9. Bxc7 Qd7 10. Nf3 Nc6 11. Bg3 Rac8 12. Bb5 a6 13. Bxc6 Rxc6 14. b3 Rxc1 15. Qxc1 {½-½ (28) So,W (2780)-Wei,Y (2729) chess.com INT 2018}) 7... c6 8. Bd3 b6 {LiveBook: 3 Partien. Die Stellung ist ausgeglichen.} 9. cxb6 $146 ({Vorgänger:} 9. b4 a5 10. a3 axb4 11. axb4 Na6 12. Bxa6 Rxa6 13. Nf3 bxc5 14. bxc5 {1-0 (44) Zhao,X (2567)-Bok,B (2560) Wijk aan Zee 2014}) 9... axb6 10. h3 c5 11. Nf3 Nc6 (11... Qd7 {seems wilder.} 12. O-O Qb7 13. Bb1 Ne4 14. Re1 Nd7) 12. Ne5 (12. O-O {feels hotter.} Qd7 13. b3 Ra5 14. a4 Nb4 15. Ne5) 12... Nxe5 13. Bxe5 Bc8 (13... Ne4 $5) 14. O-O e6 15. b3 $36 {[%mdl 2048] Weiss steht aktiver.} cxd4 16. exd4 Ne8 17. Bxg7 Kxg7 18. Qe2 Nd6 19. Nb5 {[#] Droht stark De5+.} Nxb5 20. Bxb5 Bd7 21. Bd3 Qf6 22. Rfd1 Rfc8 23. Rxc8 Rxc8 24. Ba6 Ra8 25. Bd3 (25. a4 $11) 25... Rc8 {Precision: Weiß = 49%, Schwarz = 38%.} (25... Qxd4 $15 26. Bxg6 {[#]} Rxa2 $1 {[%mdl 512]}) 1/2-1/2

[Event "FRA-ch 2018 Seniors Veterans"]
[Site "Nimes"]
[Date "2018.08.26"]
[Round "9"]
[White "Dussol, Pierre"]
[Black "Legrand, Stephane"]
[Result "1/2-1/2"]
[WhiteElo "2096"]
[BlackElo "2053"]
[Annotator "NA"]
[PlyCount "105"]
[EventDate "2018.08.18"]
[EventType "tourn"]
[EventCountry "FRA"]
[SourceTitle "playchess.com"]
[Source "ChessBase"]
[SourceQuality "1"]
[TimeControl "40/5400+30:1800+30"]

1. d4 {[%emt 0:01:32]} e6 {[%emt 0:00:00]} 2. Nf3 {[%emt 0:00:44]} Nf6 {[%emt 0:00:48]} 3. e3 {[%emt 0:01:55]} b6 {[%emt 0:00:45]} 4. Bd3 {[%emt 0:00:49]} Bb7 {[%emt 0:00:05]} 5. O-O {[%emt 0:01:18]} d6 {[%emt 0:01:02] LiveBook: 32 Games} 6. b3 {[%emt 0:02:13]} g6 {[%emt 0:01:41]} 7. Bb2 {[%emt 0:12:23]} Bg7 {[%emt 0:00:18]} 8. Nbd2 {[%emt 0:00:57]} O-O {[%emt 0:00:22]} 9. c4 {[%emt 0:04:49] A47: 1 d4 Nf6 2 Nf3 b6: Torre, London and Colle Systems} (9. Qe2 Nbd7 10. Rfd1 c5 11. Ba6 Bxa6 12. Qxa6 Qc7 13. Qd3 Rfd8 14. c4 a6 15. Rac1 Qb7 16. Qb1 b5 {0-1 (68) Socko,M (2472)-Socko,B (2624) Grosseto Prugna 2015}) 9... Nc6 {[%emt 0:02:41]} 10. a3 $146 {[%emt 0:04:48]} ({Predecessor:} 10. Rc1 Re8 11. Bb1 e5 12. Re1 Qe7 13. Qe2 {½-½ (13) Czyz,A (2061)-Piotrowski,P (1875) Polanica Zdroj 2010}) 10... e5 {[%emt 0:06:17]} 11. d5 {[%emt 0:06:47]} Ne7 {[%emt 0:02:38]} 12. e4 {[%emt 0:01:09]} Nh5 {[%emt 0:00:44]} 13. g3 {[%emt 0:07:37]} Bc8 {[%emt 0:07:48]} 14. Nh4 {[%emt 0:05:10]} Bh3 {[%emt 0:09:59]} 15. Re1 {[%emt 0:01:24]} Bh6 {[%emt 0:04:07]} 16. Be2 {[%emt 0:08:22]} Ng7 {[%emt 0:02:11]} 17. Bc3 {[%emt 0:09:48]} g5 {[%emt 0:06:16]} 18. Ng2 {[%emt 0:01:01]} f5 {[%emt 0:01:51]} 19. exf5 {[%emt 0:00:20]} Ngxf5 {[%emt 0:09:30]} 20. Ne4 {[%emt 0:03:21]} Nd4 {[%emt 0:03:35]} 21. Bxd4 {[%emt 0:02:18]} exd4 {[%emt 0:00:05]} 22. Bg4 {[%emt 0:02:11]} Bxg4 {[%emt 0:01:07]} 23. Qxg4 {[%emt 0:00:04]} Ng6 {[%emt 0:00:18]} 24. Qh5 {[%emt 0:06:26]} Kg7 {[%emt 0:00:54]} 25. Rad1 {[%emt 0:04:24]} Ne5 {[%emt 0:02:31]} 26. f4 {[%emt 0:01:18]} gxf4 {[%emt 0:00:26]} 27. gxf4 {[%emt 0:03:15]} Bxf4 {[%emt 0:00:43]} 28. Nxf4 {[%emt 0:00:17]} Rxf4 {[%emt 0:00:09]} 29. Ng5 {[%emt 0:00:24]} Qg8 {[%emt 0:06:33]} 30. Kh1 {[%emt 0:02:12]} Kh8 {[%emt 0:00:10]} 31. Ne6 {[%emt 0:02:02]} Rf2 {[%emt 0:04:46]} 32. Rg1 {[%emt 0:00:18]} Qf7 {[%emt 0:00:12]} 33. Qxf7 {[%emt 0:00:43]} Rxf7 {[%emt 0:00:15]} 34. Nxd4 {[%emt 0:00:43]} a5 {[%emt 0:14:09]} 35. a4 {[%emt 0:00:39]} Nd7 {[%emt 0:01:18]} 36. Rg3 {[%emt 0:01:06]} Nc5 {[%emt 0:02:22]} 37. Re1 {[%emt 0:00:28]} Raf8 {[%emt 0:02:45]} 38. Rge3 {[%emt 0:01:14]} Kg7 {[%emt 0:04:52]} 39. Nb5 {[%emt 0:01:35]} Na6 {[%emt 0:00:47]} 40. R1e2 {[%emt 0:01:03]} Rf3 {[%emt 0:02:04]} 41. Kg2 {[%emt 0:00:53]} Rxe3 {[%emt 0:00:26]} 42. Rxe3 {[%emt 0:00:10]} Rf7 {[%emt 0:00:24]} 43. Kg3 {[%emt 0:04:32]} Kg6 {[%emt 0:03:18]} 44. Re8 {[%emt 0:12:14]} Nc5 {[%emt 0:02:32]} 45. Rc8 {[%emt 0:01:08]} Nxb3 {[%emt 0:07:25]} 46. Nxc7 {[%emt 0:00:46]} Nc5 {[%emt 0:01:32]} 47. Nb5 {[%emt 0:00:58]} Ne4+ {[%emt 0:01:19]} 48. Kg2 $11 {[%emt 0:00:34]} Rf2+ {[%emt 0:03:16]} 49. Kg1 {[%emt 0:00:09]} Rc2 {[%emt 0:00:10]} 50. Rc6 {[%emt 0:05:11]} Kg5 {[%emt 0:04:14]} 51. Nxd6 {[%emt 0:02:55]} Nxd6 {[%emt 0:00:47]} 52. Rxd6 {[%emt 0:00:03]} Rxc4 {[%emt 0:00:07]} 53. Rxb6 1/2-1/2

[Event "FRA-ch 2018 Seniors Veterans"]
[Site "Nimes"]
[Date "2018.08.26"]
[Round "9"]
[White "Ricter, Jean-Paul"]
[Black "Fillon, Damien"]
[Result "1/2-1/2"]
[WhiteElo "2065"]
[BlackElo "2048"]
[Annotator "NA"]
[PlyCount "36"]
[EventDate "2018.08.18"]
[EventType "tourn"]
[EventCountry "FRA"]
[SourceTitle "playchess.com"]
[Source "ChessBase"]
[SourceQuality "1"]
[TimeControl "40/5400+30:1800+30"]

1. c4 {[%emt 0:03:04]} e6 {[%emt 0:00:00]} 2. g3 {[%emt 0:00:25]} Nf6 {[%emt 0:00:20]} 3. Bg2 {[%emt 0:00:33]} c5 {[%emt 0:06:44]} 4. Nf3 {[%emt 0:01:24]} Nc6 {[%emt 0:00:11]} 5. O-O {[%emt 0:00:55]} d5 {[%emt 0:01:40]} 6. d3 {[%emt 0:02:53]} Be7 {[%emt 0:06:42]} 7. b3 {[%emt 0:05:10]} O-O {[%emt 0:06:06]} 8. Bb2 $15 {[%emt 0:04:29] LiveBook: 86 Games} d4 {[%emt 0:03:31]} 9. Na3 {[%emt 0:03:16]} e5 {[%emt 0:08:35]} 10. Nc2 {[%emt 0:01:12]} a5 {[%emt 0:00:12]} 11. Na3 {[%emt 0:05:06]} Re8 {[%emt 0:05:58]} 12. Nb5 {[%emt 0:03:59]} Bf8 {[%emt 0:02:04]} 13. Re1 {[%emt 0:08:43]} h6 {[%emt 0:01:38]} 14. Na3 {[%emt 0:05:59]} Bd6 {[%emt 0:05:53]} 15. Nb5 {[%emt 0:02:43]} Bf8 {[%emt 0:06:02]} 16. Na3 {[%emt 0:00:55]} Bd6 {[%emt 0:00:57]} 17. Nb5 {[%emt 0:01:25]} Bf8 {[%emt 0:00:22]} 18. Na3 {[%emt 0:00:41]} Nb8 1/2-1/2